Making the grade (Record no. 79772)
[ view plain ]
| 000 -LEADER | |
|---|---|
| fixed length control field | 01143cab a22002055a 4500 |
| 001 - CONTROL NUMBER | |
| control field | L142325 |
| 008 - FIXED-LENGTH DATA ELEMENTS--GENERAL INFORMATION | |
| fixed length control field | 080205s2008 xxko f 000 0 eng d |
| 035 ## - SYSTEM CONTROL NUMBER | |
| System control number | (Sirsi) u142325 |
| 041 0# - LANGUAGE CODE | |
| Language code of text/sound track or separate title | eng |
| 100 1# - MAIN ENTRY--PERSONAL NAME | |
| Personal name | Towler, Andy |
| 245 00 - TITLE STATEMENT | |
| Title | Making the grade |
| 260 ## - PUBLICATION, DISTRIBUTION, ETC. | |
| Date of publication, distribution, etc. | 2008 |
| 490 ## - SERIES STATEMENT | |
| Series statement | RICS Business |
| Volume/sequential designation | February 2008, 24-25(2) |
| 520 ## - SUMMARY, ETC. | |
| Summary, etc. | Discusses the challenges involved in restoring listed and heritage buildings. Surveyors working on such buildings usually need to take a differing approach to projects in other sectors, with more emphasis on clear objectives from the outset, obtaining the necessary approvals, and appointing the right type of specialist contractors. Another key problem is generating sufficient funding. Provides various examples of heritage restoration projects and outlines reform plans for heritage protection in England and Wales. Also briefly summarises heritage legislation in Germany and Australia. |
| 590 ## - LOCAL NOTE (RLIN) | |
| Local note | KA |
| 650 24 - SUBJECT ADDED ENTRY--TOPICAL TERM | |
| Topical term or geographic name entry element | HERITAGE PROTECTION BILL 2007 |
| 651 #4 - SUBJECT ADDED ENTRY--GEOGRAPHIC NAME | |
| Geographic name | England and Wales |
| Chronological subdivision | 1543- |
| 690 ## - LOCAL SUBJECT ADDED ENTRY--TOPICAL TERM (OCLC, RLIN) | |
| Topical term or geographic name as entry element | BUILT ENVIRONMENT-BUILDING MAINTENANCE AND REFURBISHMENT-BUILDING CONSERVATION |
| 942 ## - ADDED ENTRY ELEMENTS (KOHA) | |
| Suppress in OPAC | 0 |
| Withdrawn status | Lost status | Source of classification or shelving scheme | Damaged status | Not for loan | Home library | Current library | Shelving location | Date acquired | Total Checkouts | Full call number | Barcode | Date last seen | Copy number | Price effective from | Koha item type |
|---|---|---|---|---|---|---|---|---|---|---|---|---|---|---|---|
| Dewey Decimal Classification | London | London | Journal article | 05/02/2008 | L142325 | 142325-1001 | 06/08/2019 | 1 | 06/08/2019 | Journal article |